000 00316nam a2200133Ia 4500
005 20251222175915.0
008 251222s9999||||xx |||||||||||||| ||spa||
082 _a324.946/R21
100 _aRamírez, Pedro J.
245 0 _aAmarga Victoria
250 _a1ra.ed.
264 _bEditorial Planeta, S.A.
942 _cLIB
999 _c40470
_d40470